000 00562nam a2200217Ia 4500
003 OSt
005 20230401100912.0
008 210423s2009 xx 000 0 und d
020 _a9788174465853
040 _cAL
041 _aeng
082 _a658.15 BHAS
100 _aBHAT (Sudhindra).
_981514
245 _aFinancial management: principles and practice.
250 _a2
260 _aNew Delhi
_bExcel Books
_c2009
300 _axvii,885
_bPB
365 _b340
_cINR
906 _aFinancial ; management: ; practice. ; principles
942 _2ddc
_cBK
999 _c157807
_d157807